Historia de las bibliotecas (Record no. 8)

MARC details
000 -LEADER
campo de control de longitud fija 00666nam a22002057a 4500
003 - IDENTIFICADOR DE NÚMERO DE CONTROL
campo de control OSt
005 - FECHA Y HORA DE LA ÚLTIMA TRANSACCIÓN
campo de control 20250810135123.0
008 - DATOS DE LONGITUD FIJA--INFORMACIÓN GENERAL
campo de control de longitud fija 250810b |||||||| |||| 00| 0 eng d
020 ## - NÚMERO INTERNACIONAL ESTÁNDAR DEL LIBRO
Número Internacional Estándar del Libro 84-86168-12-0
040 ## - FUENTE DE CATALOGACIÓN
Centro/agencia transcriptor Biblioteca de ejemplo
100 ## - ENTRADA PRINCIPAL--NOMBRE DE PERSONA
Nombre de persona Escolar Sobrino, Hipólito
Fechas asociadas al nombre (1919-2009)
9 (RLIN) 17
245 ## - MENCIÓN DEL TÍTULO
Título Historia de las bibliotecas
Resto del título :
Mención de responsabilidad, etc. / Hipólito Escolar
260 ## - PUBLICACIÓN, DISTRIBUCIÓN, ETC.
Lugar de publicación, distribución, etc. Madrid
Nombre del editor, distribuidor, etc. Fundación Germán Sánchez Ruipérez
Fecha de publicación, distribución, etc. D.L. 1985
300 ## - DESCRIPCIÓN FÍSICA
Extensión 566 p.
Otros detalles físicos il. bl. y n.
Dimensiones 21 cm.
490 ## - MENCIÓN DE SERIE
Mención de serie Biblioteca del libro
650 #0 - PUNTO DE ACCESO ADICIONAL DE MATERIA--TÉRMINO DE MATERIA
Término de materia o nombre geográfico como elemento de entrada Historia
9 (RLIN) 18
650 #0 - PUNTO DE ACCESO ADICIONAL DE MATERIA--TÉRMINO DE MATERIA
Término de materia o nombre geográfico como elemento de entrada Biblioteconomía
9 (RLIN) 19
700 ## - ENTRADA AGREGADA--NOMBRE PERSONAL
Nombre de persona Postigo Cabra, María de la Peña
Fechas asociadas al nombre (1988-)
9 (RLIN) 9
Término indicativo de función/relación Colaborador
942 ## - ELEMENTOS DE ENTRADA SECUNDARIOS (KOHA)
Fuente de la clasificación o esquema de estantería Clasificación Decimal Dewey
Tipo de ítem Koha Monografías
Suprimir en OPAC No
Holdings
Estatus retirado Estado de pérdida Fuente de la clasificación o esquema de estantería Estado de daño No para préstamo Biblioteca de origen Biblioteca actual Ubicación en estantería Fecha de adquisición Total de préstamos Signatura topográfica completa Código de barras Visto por última vez Fecha del último préstamo Precio de reemplazo Tipo de ítem Koha
    Clasificación Decimal Dewey     Centerville Centerville Colección general 10/08/2025 1 02(091) 1 17051988 10/08/2025 10/08/2025 10/08/2025 Monografías